000 00230nam a2200097Ia 4500
001 837146
005 20250826172527.0
008 250824s9999 xx 000 0 und d
245 0 _aBÜYÜK YARIŞ
_cODİN RED BEARD
260 _bKRONİK
999 _c837146
_d837146